ბათუმის შოთა რუსთაველის სახელმწიფო უნივერსიტეტის ბიბლიოთეკა

Complete Semigroups Of Binary Relations / (ბიბ.ჩანაწერი № 40613)

000 -LEADER
fixed length control field 00778nam a2200253Ia 4500
001 - CONTROL NUMBER
control field 7240
003 - CONTROL NUMBER IDENTIFIER
control field GE_BSU
005 - DATE AND TIME OF LATEST TRANSACTION
control field 20190920111224.0
008 - FIXED-LENGTH DATA ELEMENTS--GENERAL INFORMATION
fixed length control field 181216s2013||||en |||||||||||||| ||eng||
020 ## - INTERNATIONAL STANDARD BOOK NUMBER
International Standard Book Number 9786054613661
040 ## - CATALOGING SOURCE
Transcribing agency GE_BSU
041 ## - LANGUAGE CODE
Language code of text/sound track or separate title eng
080 ## - UNIVERSAL DECIMAL CLASSIFICATION NUMBER
Universal Decimal Classification number 512(075.8) D-53
100 ## - MAIN ENTRY--PERSONAL NAME
Personal name Diasamidze, Yasha.
9 (RLIN) 4165
245 ## - TITLE STATEMENT
Title Complete Semigroups Of Binary Relations /
Statement of responsibility, etc. Yasha Diasamidze ; Shota Makaradze ; Red : Nuri Cimen.
264 ## - PRODUCTION, PUBLICATION, DISTRIBUTION, MANUFACTURE, AND COPYRIGHT NOTICE
Place of production, publication, distribution, manufacture Istanbul ,
Date of production, publication, distribution, manufacture, or copyright notice 2013.
300 ## - PHYSICAL DESCRIPTION
Extent 520 p.:
Dimensions 23 cm.
653 ## - INDEX TERM--UNCONTROLLED
keyword Complete Semigroups Of Binary Relations.
653 ## - INDEX TERM--UNCONTROLLED
keyword მათემატიკა
653 ## - INDEX TERM--UNCONTROLLED
keyword ალგებრა
700 ## - ADDED ENTRY--PERSONAL NAME
Personal name Makaradze , Shota
9 (RLIN) 4166
700 ## - ADDED ENTRY--PERSONAL NAME
Personal name Cimen , Nuri .
Titles and other words associated with a name რედაქტორი
9 (RLIN) 4167
942 ## - ADDED ENTRY ELEMENTS (KOHA)
Koha item type წიგნი
Source of classification or shelving scheme
ეგზემპლარები
Withdrawn status Lost status Source of classification or shelving scheme Damaged status Not for loan Permanent Location Current Location Shelving location Date acquired Cost, normal purchase price Full call number Barcode Date last seen Copy number Price effective from Koha item type Public note
          ბათუმის შოთა რუსთაველის სახელმწიფო უნივერსიტეტის მთავარი ბიბლიოთეკა ბათუმის შოთა რუსთაველის სახელმწიფო უნივერსიტეტის მთავარი ბიბლიოთეკა წიგნსაცავი 2018-12-17 20.00 512(075.8) D-53 22553 2018-12-17 22553 2018-12-17 წიგნი 20.00 GEL.
          ბათუმის შოთა რუსთაველის სახელმწიფო უნივერსიტეტის მთავარი ბიბლიოთეკა ბათუმის შოთა რუსთაველის სახელმწიფო უნივერსიტეტის მთავარი ბიბლიოთეკა წიგნსაცავი 2018-12-17   512(075.8) D-53 22554 2018-12-17 22554 2018-12-17 წიგნი  
          ბათუმის შოთა რუსთაველის სახელმწიფო უნივერსიტეტის მთავარი ბიბლიოთეკა ბათუმის შოთა რუსთაველის სახელმწიფო უნივერსიტეტის მთავარი ბიბლიოთეკა წიგნსაცავი 2019-09-20 20.00 512(075.8) D-53 60026 2019-09-20 60026 2019-09-20 წიგნი 20.00